000 00665naa a2200205 4500
001 112110
003 ES-MaBCM
005 20241016140614.0
008 051017s2005 esp|r0p 0 ||spa d
021 _axx
035 _a(OCoLC)1365173927
040 _cES-MaBCM
100 1 _aSeco Martínez, José María
_963243
245 0 0 _aPor una nueva ciudadanía
_b: una re-lectura y un punto de partida
_cJosé María Seco Martínez, Rafael Rodríguez Prieto
650 1 7 _aCiudadano
_957921
650 1 7 _aDemocracia
_958263
700 1 _aRodríguez Prieto, Rafael
_963260
773 0 _aEn:
_t. Sistema
_dMadrid
_w104699
_gN. 188 (sept. 2005), p. 15-32
942 _cAREV
999 _c112110
_d112110